00377nam a2200133Ia 4500008004100000020001500041041001200056082002200068100001900090245004800109260003300157300001600190650003700206231217s9999 xx 000 0 und d a8178812738 aEnglish a658.1 SAT.6;1 R aSatish, D ed. 0aCorporate finance V.6 : concepts and cases c2004bICFAI PressaHyderabad axi, 167+A11 aCorporate,finance,V.6, an, cases